000 00278nam a22001097a 4500
008 200225b2005 ck a|||| |||| 00| 0 spa d
020 _69789583039072
082 0 4 _aC
_bBATp
100 1 _aBataillard, Sandrine
_eautor
_9918
245 _aMandalas /
_cSandrine Bataillard
942 _2ddc
999 _c6597
_d6597